<?xml version="1.0" encoding="UTF-8"?>
<record
    xmlns:xsi="http://www.w3.org/2001/XMLSchema-instance"
    xsi:schemaLocation="http://www.loc.gov/MARC21/slim http://www.loc.gov/standards/marcxml/schema/MARC21slim.xsd"
    xmlns="http://www.loc.gov/MARC21/slim">

  <leader>02209nam a22002177a 4500</leader>
  <controlfield tag="003">AR-RoUNCS</controlfield>
  <controlfield tag="005">20250929125600.0</controlfield>
  <controlfield tag="008">250929b2015    ag |||||r|||| 00| 0 spa d</controlfield>
  <datafield tag="020" ind1=" " ind2=" ">
    <subfield code="a">978-987-699-292-3</subfield>
  </datafield>
  <datafield tag="040" ind1=" " ind2=" ">
    <subfield code="a">AR-RoUNCS</subfield>
    <subfield code="c">AR-RoUNCS</subfield>
  </datafield>
  <datafield tag="080" ind1=" " ind2=" ">
    <subfield code="0">791(82)"20/21"</subfield>
  </datafield>
  <datafield tag="100" ind1="1" ind2=" ">
    <subfield code="a">Daicich, Osvaldo Mario</subfield>
    <subfield code="d">1975-</subfield>
    <subfield code="e">autor</subfield>
  </datafield>
  <datafield tag="245" ind1="1" ind2="3">
    <subfield code="a">El nuevo cine argentino :</subfield>
    <subfield code="b">1995-2010 : vinculaci&#xF3;n con la industria cultural cinematogr&#xE1;fica local e internacional y la sociocultura contempor&#xE1;nea /</subfield>
    <subfield code="c">Osvaldo Mario Daicich.</subfield>
  </datafield>
  <datafield tag="250" ind1=" " ind2=" ">
    <subfield code="a">1a ed.</subfield>
  </datafield>
  <datafield tag="260" ind1=" " ind2=" ">
    <subfield code="a">Villa Mar&#xED;a, C&#xF3;rdoba :</subfield>
    <subfield code="b">Eduvim,</subfield>
    <subfield code="c">2015.</subfield>
  </datafield>
  <datafield tag="300" ind1=" " ind2=" ">
    <subfield code="a">386 p. ;</subfield>
    <subfield code="c">22 cm.</subfield>
  </datafield>
  <datafield tag="490" ind1="0" ind2=" ">
    <subfield code="a">Serie Audiovisual</subfield>
  </datafield>
  <datafield tag="520" ind1="3" ind2=" ">
    <subfield code="a"> Un aporte m&#xE1;s, pero no cualquier aporte al estudio de lo que se ha dado en llamar Nuevo Cine Argentino. Osvaldo Daicich, oriundo del sur de la provincia de Buenos Aires, Dock Sud, realiz&#xF3; sus estudios y fue docente de la Escuela Internacional de Cine y Televisi&#xF3;n en Cuba. Mente inquieta y coraz&#xF3;n caliente, termin&#xF3; su formaci&#xF3;n cinematogr&#xE1;fica nada menos que en Cinecitt&#xE0; de Roma e hizo sus primeras armas profesionales en Madrid, en Canal Plus de Espa&#xF1;a. En aquellos a&#xF1;os edit&#xF3; su primer libro sobre cineastas de Am&#xE9;rica Latina, una de su grandes pasiones: el cine de nuestro continente.Juntos hicimos Porotos de Soja -sobre la crisis con los grandes productores del campo por la Resoluci&#xF3;n 125- y La cocina -sobre la Ley de medios-. Osvaldo demostr&#xF3; el mismo rigor que en su formaci&#xF3;n acad&#xE9;mica, adem&#xE1;s de su pasi&#xF3;n por los oficios cinematogr&#xE1;ficos y la preocupaci&#xF3;n por las pol&#xED;ticas p&#xFA;blicas sobre lo audiovisual en Argentina o Am&#xE9;rica Latina.En este libro Daicich suma, a lo dicho, una visi&#xF3;n inteligente del acad&#xE9;mico que es -actualmente dirige el Centro de Producci&#xF3;n e Investigaci&#xF3;n Audiovisual (CePIA) de la Facultad de Ciencias Sociales de la Universidad de Buenos Aires- con la extraordinaria visi&#xF3;n apasionada del espectador de cine argentino que siempre fue. Nacido en Avellaneda, supo tener como faro la definici&#xF3;n de Fernando Birri: "un cine nacional, realista, cr&#xED;tico y popular". "David "Coco" Blaustein, Cineasta.</subfield>
  </datafield>
  <datafield tag="650" ind1=" " ind2="4">
    <subfield code="a">CINE</subfield>
    <subfield code="y">SIGLO XX</subfield>
    <subfield code="y">SIGLO XXI</subfield>
    <subfield code="z">ARGENTINA</subfield>
  </datafield>
  <datafield tag="942" ind1=" " ind2=" ">
    <subfield code="2">udc</subfield>
    <subfield code="c">OG</subfield>
    <subfield code="n">0</subfield>
  </datafield>
  <datafield tag="999" ind1=" " ind2=" ">
    <subfield code="c">628</subfield>
    <subfield code="d">628</subfield>
  </datafield>
  <datafield tag="952" ind1=" " ind2=" ">
    <subfield code="0">0</subfield>
    <subfield code="1">0</subfield>
    <subfield code="2">udc</subfield>
    <subfield code="4">0</subfield>
    <subfield code="7">0</subfield>
    <subfield code="8">CG</subfield>
    <subfield code="a">ESOCIALES</subfield>
    <subfield code="b">ESOCIALES</subfield>
    <subfield code="d">2025-09-29</subfield>
    <subfield code="e">Donaci&#xF3;n 2023</subfield>
    <subfield code="l">0</subfield>
    <subfield code="o">791(82)"20/21" D132</subfield>
    <subfield code="p">000145</subfield>
    <subfield code="r">2025-09-29 12:36:42</subfield>
    <subfield code="w">2025-09-29</subfield>
    <subfield code="y">OG</subfield>
  </datafield>
</record>
